Largest Landlocked Countries by Population Quiz Stats

Quiz Updated Jul 14, 2016

Challenge
Share
Tweet
Embed
Score 0/20 Timer 06:00
8 Plays Today
Rank Country % Correct
17.Chad
81.1%
8.Niger
80%
6.Kazakhstan
78.4%
13.Bolivia
77.2%
4.Afghanistan
71.2%
10.Mali
69.9%
3.Nepal
68.3%
5.Uzbekistan
67.2%
15.Czechia
66%
18.Hungary
65.9%
Rank Country % Correct
2.Uganda
64%
12.Zimbabwe
63.5%
11.Zambia
61.5%
14.Rwanda
61.2%
16.South Sudan
61.1%
1.Ethiopia
60.4%
19.Belarus
59%
7.Burkina Faso
49.6%
9.Malawi
49.5%
20.Azerbaijan
39.9%

You're not logged in!

Compare scores with friends on all Sporcle quizzes.
Sign Up with Email
OR
Log In

You Might Also Like...

Show Comments

Extras

Top Quizzes Today


Score Distribution

Your Account Isn't Verified!

In order to create a playlist on Sporcle, you need to verify the email address you used during registration. Go to your Sporcle Settings to finish the process.